00592nam a2200193Ia 4500003000900000008004100009020001800050040001600068080002400084100002000108245006300128260003400191300002300225490004100248650002700289650002300316650001600339650004300355IN-BaIIA211028s9999 xx 000 0 eng d a3-540-06947-X cIIA Library a53+54:629.19bPCS-8 aHasegawa, Akira 0aPlasma instabilities and nonlinear effectscAkira Hasegawa aBerlinbSpringer-Verlagc1975 axi, 217p., 48 fig. aPhysics and Chemistry in Space; v. 8 a Plasma Instabilities a Plasma Physics  a Plasmas  aAstronomy and Astrophysics Thesaurus